Statistics for What Am I? #6

Click here to take the quiz!

General Stats

  • This quiz has been taken 60 times
  • The average score is 5 of 10

Answer Stats

HintWhat Am I?% Correct
I have two hands, but I can not scratch myselfClock
91%
I follow you all the time and copy your every move, but you can’t touch me or catch meShadow
89%
I am the beginning of everything, the end of everywhereE
77%
I have many teeth but I can’t bite. I’m often used early but rarely at nightComb
74%
If you have me, you want to share me. If you share me, you haven’t got meSecret
47%
A seed with three letters in my name. Take away two and I still sound the samePea
44%
I can wave my hands at you, but I never say goodbye. You are always cool when with me, even more so when I am highFan
40%
I’m an instrument through which sounds are made, and yet, not something that can be playedVoice
40%
The more you take, the more you leave behindFootstep
11%
What can be heard and caught but never seenRemark
2%

Score Distribution

Percentile by Number Answered

Percent of People with Each Score

Your Score History

You have not taken this quiz